000 00674nam a22001937a 4500
005 20251108174717.0
008 250721s2009 xx 000 0 ara d
020 _a9789957051617
082 1 4 _a216.94/نعي
100 1 _aالنعيمي، شهرزاد عبد الكريم
_eمؤلف
245 1 0 _aحقوق المتهم في التشريع الإسلامي : دراسة مقارنة مع القانون /
264 1 _aعمان :
_bدار الضياء للنشر،
_c2009.
300 _a328 ص.
650 1 7 _aالفقه الاسلامي
650 1 7 _aحقوق المتهمين
650 1 7 _aالشريعه الاسلاميه
942 _2ddc
_cBK
999 _c116084
_d116084